000 00434nam a22001817a 4500
003 MPLRDC
005 20220104124629.0
008 210129b ||||| |||| 00| 0 eng d
020 _a962-257-710-5
082 _a690.66 MLH-3
100 _a马丽华
245 _a藏北游历
_c
260 _a
_b天地图书有限公司
_c1994
300 _b
490 _a西藏行吟
650 _a中国游记
942 _cBK
_o690.66 MLH-3
999 _c20888
_d20878